000 00842nam a2200289 i 4500
001 bg
003 BPK
005 20221025082931.0
008 070608s1972 pl a f f |000 0 pol
015 _aPB 9481/72
040 _aWA N
_cBPK
080 _a669
080 _a678
080 _a620.1
080 _a(07)
100 1 _aWendorff, Zofia
_d(1906-1991)
_eAutor
245 1 0 _aMetaloznawstwo /
_cZofia Wendorff.
250 _a[Wyd. 2].
260 _aWarszawa :
_bWydawnictwa Naukowo-Techniczne,
_c1972.
300 _a574, [1] s. :
_bil. ;
_c23 cm.
504 _aBibliogr.
655 4 _aPodręcznik
650 4 _aMetaloznawstwo
710 2 _aWydawnictwa Naukowo-Techniczne
_4pbl.
942 _2UKD
_cKS
856 _uhttp://koha.tu.koszalin.pl/cgi-bin/koha/opac-detail.pl?biblionumber=7620
_yKatalog online BPK
999 _c7620
_d7620